Libido y sociedad : estudios sobre Freud y la izquierda freudiana /
Spremljeno u:
| Glavni autor: | |
|---|---|
| Format: | Nepoznato |
| Jezik: | Spanish |
| Izdano: |
México :
Siglo Veintiuno Editores,
1983.
|
| Izdanje: | 1a edición |
| Teme: | |
| Oznake: |
Dodaj oznaku
Bez oznaka, Budi prvi tko označuje ovaj zapis!
|
MARC
| LEADER | 000000000a22000000004500 | ||
|---|---|---|---|
| 001 | 014275 | ||
| 020 | |a 9682311365 | ||
| 041 | 0 | |a spa | |
| 082 | 0 | 4 | |a 616.891.7 |b D131L |
| 100 | 1 | |a Dahmer, Helmut | |
| 245 | 1 | 0 | |a Libido y sociedad : |b estudios sobre Freud y la izquierda freudiana / |c Helmut Dahmer. |
| 250 | |a 1a edición | ||
| 260 | 1 | |a México : |b Siglo Veintiuno Editores, |c 1983. | |
| 300 | |a 321 páginas | ||
| 650 | 4 | |a PSICOANALISIS | |
| 650 | 4 | |a FREUD, SIGMUND, 1856-1939 | |
| 650 | 4 | |a CRITICA E INTERPRETACION | |
| 500 | |a Colección George Yúdice | ||
| 999 | |c 20169 |d 20169 | ||
| 942 | |c BK |h 616.891.7 D131L |2 z | ||



